000 00715nam a2200241Ia 4500
003 OSt
005 20221006165740.0
006 a|||||r|||| 00| 0
007 ta
008 221006b |||||||| |||| 00| 0 eng d
024 _a7,769
037 _cDissertations
040 _aFML
_cFML
_beng
041 _2eng
_aeng
100 _aBhattacharya Arpita Au.
110 _aDelhi University. Faculty of Music and Fine Arts. Department of Music
245 0 _aMusic As The Bridge Between Is and Ought
260 _c1981
300 _a139
_ccm.
700 _aDelhi University. Faculty of Music and Fine Arts. Department of Music
942 _cDIS
_2CC
999 _c1121903
_d1121903